00648cam a22001811 4500040001000000082002600010245003600036260004100072300002300113500014700136650000800283650001900291650004600310700002200356700002600378710004100404710002100445 cODaWU a340 BOB 1965 A089 Or.10aCommunication sciences and law; aIndianapolis,bBobbs-Merrillc[1965] axx, 442 p.c24 cm. aConference organized by the Jurimetrics Committee of the Association of American Law Schools and held Sept. 5-7, 1963, at the Yale Law School. 0aLaw 0aLegal research 0aInformation storage and retrieval systems1 aAllen, Layman E.,1 aCaldwell, Mary Ellen,2 aAssociation of American Law Schools.2 aYale Law School.